000 00893 a2200253 4500
003 NUST
020 _a0080311709
038 _awaseem
040 _aDLC
_bDLC
082 0 0 _a355.02
_bSIM
100 1 _aSimpkin, Richard E.
_937913
245 1 0 _aRace to the swift: thoughts on twenty-first century warfare
_bthoughts on twenty-first century warfare
_cby Richard E. Simpkin ; foreword by Donn A. Starry.
260 _aLondon ;
_aWashington, DC :
_bBrassey's Defence,
_c1985.
260 _aReprint, Lahore :
_bService Book Club,
_c1996.
300 _axxxii, 345 p. :
_bill. ;
_c24 cm.
490 0 _a[Future warfare series ;
_vv. 1]
500 _aSeries statement from: War without men / Steven M. Shaker. 1988.
500 _aIncludes index.
563 _aHBK.
650 0 _aWar.
650 0 _aMilitary art and science.
_937914
650 0 _aTwenty-first century
942 _cBK
_k355.02 SIM
_2ddc
999 _c7316
_d7316